| 000 | 01425cam a2200373 a 4500 | ||
|---|---|---|---|
| 001 | 14537875 | ||
| 003 | Nust- CAS-E | ||
| 005 | 20180118181407.0 | ||
| 008 | 060907s2006 dcua b 000 0 eng | ||
| 010 | _a 2006029672 | ||
| 020 | _a0875904327 | ||
| 020 | _a9780875904320 | ||
| 035 | _a(OCoLC)ocm71312834 | ||
| 040 |
_aDLC _cDLC _dBAKER _dC#P _dYDXCP _dDLC |
||
| 050 | 0 | 0 |
_aQC835 _b.R37 2006 |
| 082 | 0 | 0 |
_a538 _222 _bREC 2006 |
| 245 | 0 | 0 |
_aRecurrent magnetic storms : _bcorotating solar wind streams / _cBruce Tsurutani ... [et al.] editors. |
| 260 |
_aWashington, DC : _bAmerican Geophysical Union, _cc2006. |
||
| 300 |
_aix, 340 p. : _bill. (some col.) ; _c28 cm. |
||
| 490 | 1 |
_aGeophysical monograph series, _x0065-8448 ; _v167 |
|
| 502 | _a0 | ||
| 504 | _aIncludes bibliographical references. | ||
| 650 | 0 | _aMagnetic storms. | |
| 650 | 0 | _aCorotating interaction regions. | |
| 650 | 0 | _aMagnetosphere. | |
| 650 | 0 | _aAtmosphere, Upper. | |
| 700 | 1 | _aTsurutani, Bruce T. | |
| 830 | 0 |
_aGeophysical monograph ; _v167. |
|
| 856 | 4 | 1 |
_3Table of contents only _uhttp://www.loc.gov/catdir/toc/ecip0620/2006029672.html |
| 856 | 4 | 2 |
_3Publisher description _uhttp://www.loc.gov/catdir/enhancements/fy1309/2006029672-d.html |
| 906 |
_a7 _bcbc _corignew _d1 _eecip _f20 _gy-gencatlg |
||
| 942 |
_2ddc _cBK |
||
| 999 |
_c355632 _d355632 |
||